00470nam a2200193 a 4500001001300000003000900013005001700022008004100039020001000080082002100090100001500111245002400126260003200150300000800182500003500190505001700225650001900242700001500261nice12345678IN_TiNIC20260116013000.0050524s1984 mosa grp 000 0 eng  ac10000a305.6297049bEMI aEmin, Leon aMuslims in the USSR aMoscowbNovosti Pressc1984 a55p aincludes index and biblioraphy2 aBibliography aMuslims-Russia1 aEmin, Leon